Skip to main content
Your cart is empty.
Your lists
Log in to create your own lists
Your cookies
العربية
English
العربية
Home
Search
Advanced search
Authority search
About
The noble scholar, jurist, historian
His Excellency Dr. Abdul Wahhab bin Ibrahim Abu Sulaiman, may Allah have mercy on him.
He was born in Umm Al-Qura in the year 1356 AH.
Library catalog
Title
Author
Subject
ISBN
ISSN
Series
Call number
Log in to your account
×
Login:
Password:
Home
MARC view: أعلام الحديث في شرح صحيح البخاري /
Normal view
MARC view
ISBD view
أعلام الحديث في شرح صحيح البخاري / (Record no. 13553)
[
view plain
]
MARC details
000 -LEADER
fixed length control field
01629ctm a2200289 i 4500
003 - CONTROL NUMBER IDENTIFIER
control field
SA-RiAUC
005 - DATE AND TIME OF LATEST TRANSACTION
control field
20251216131133.0
008 - FIXED-LENGTH DATA ELEMENTS--GENERAL INFORMATION
fixed length control field
251202s1986 su f m 00000cara c
040 ## - CATALOGING SOURCE
Original cataloging agency
SA-RiAUC
Language of cataloging
ara
Transcribing agency
SA-RiAUC
Description conventions
rda
082 04 - DEWEY DECIMAL CLASSIFICATION NUMBER
Classification number
234.65
090 ## - LOCALLY ASSIGNED LC-TYPE CALL NUMBER (OCLC); LOCAL CALL NUMBER (RLIN)
Classification number (OCLC) (R) ; Classification number, CALL (RLIN) (NR)
234.65
Local cutter number (OCLC) ; Book number/undivided call number, CALL (RLIN)
ح م د
100 1# - MAIN ENTRY--PERSONAL NAME
Personal name
حمد الخطابي، حمد بن محمد بن إبراهيم،
Dates associated with a name
319-388 هجري
Relator term
مؤلف.
245 10 - TITLE STATEMENT
Title
أعلام الحديث في شرح صحيح البخاري /
Statement of responsibility, etc.
لأبي سليمان حمد بن محمد الخطابي ؛ تحقيق ودراسة محمد بن سعد بن عبد الرحمن آل سعود ؛ إشراف أحمد محمد نور سيف.
264 #0 - PRODUCTION, PUBLICATION, DISTRIBUTION, MANUFACTURE, AND COPYRIGHT NOTICE
Date of production, publication, distribution, manufacture, or copyright notice
1986
300 ## - PHYSICAL DESCRIPTION
Extent
3 مجلد ؛
Dimensions
30 سم
336 ## - CONTENT TYPE
Content type term
نص
Content type code
txt
Source
rdacontent
Materials specified
أطروحة
337 ## - MEDIA TYPE
Media type term
بدون وسيط
Media type code
n
Source
rdamedia
338 ## - CARRIER TYPE
Carrier type term
مجلد
Carrier type code
nc
Source
rdacarrier
500 ## - GENERAL NOTE
General note
إشراف : أحمد محمد نور سيف.
502 ## - DISSERTATION NOTE
Dissertation note
أطروحة (دكتوراه)-جامعة أم القرى، كلية الشريعة والدراسات الإسلامية، 1406 هجري.
600 17 - SUBJECT ADDED ENTRY--PERSONAL NAME
Personal name
البخاري، محمد بن إسماعيل بن إبراهيم،
Dates associated with a name
194-256 هجري
Source of heading or term
aucnm
700 12 - ADDED ENTRY--PERSONAL NAME
Personal name
البخاري، محمد بن إسماعيل بن إبراهيم،
Dates associated with a name
194-256 هجري.
Title of a work
الجامع الصحيح المسند المختصر من حديث رسول الله صلى الله عليه وسلم وسننه وأيامه
700 1# - ADDED ENTRY--PERSONAL NAME
Personal name
آل سعود، محمد بن سعد بن عبد الرحمن
Relator term
محقق.
740 02 - ADDED ENTRY--UNCONTROLLED RELATED/ANALYTICAL TITLE
Uncontrolled related/analytical title
صحيح البخاري.
942 ## - ADDED ENTRY ELEMENTS (KOHA)
Source of classification or shelving scheme
Dewey Decimal Classification
Koha item type
Books
Suppress in OPAC
No
949 ## - LOCAL PROCESSING INFORMATION (OCLC)
a
SA-JeALM
d
251202
u
mohamedma123
n
1
Holdings
Withdrawn status
Lost status
Source of classification or shelving scheme
Materials specified (bound volume or other part)
Damaged status
Not for loan
Home library
Current library
Date acquired
Total checkouts
Full call number
Barcode
Date last seen
Price effective from
Koha item type
Dewey Decimal Classification
الجزء الاول
DR AbdElwahab Library
DR AbdElwahab Library
12/15/2025
234.65 ح م د
000021730
12/15/2025
12/15/2025
Books
Dewey Decimal Classification
الجزء الثاني
DR AbdElwahab Library
DR AbdElwahab Library
12/16/2025
234.65 ح م د
000021745
12/16/2025
12/16/2025
Books
Place hold
Print
Add to your cart
(remove)
Save record
BIBTEX
Dublin Core
MARCXML
MARC (non-Unicode/MARC-8)
MARC (Unicode/UTF-8)
MARC (Unicode/UTF-8, Standard)
MODS (XML)
RIS
ISBD
More searches
Search for this title in:
Other Libraries (WorldCat)
Other Databases (Google Scholar)
Online Stores (Bookfinder.com)
Open Library (openlibrary.org)
Exporting to Dublin Core...
×
Simple DC-RDF
OAI-DC
SRW-DC